00309nam a2200133Ia 45000030006000000080041000060400015000471000014000622450027000762500010001032600033001135460012001460050017001580STCL150530s9999 xx 000 0 und d aSTCLcSTCL aAlec Nove aSoviet economic system aFirst bGeorge Allen and Unwinc1978 aEnglish20220125165525.0